Т. 78, № 5; Известия Российской академии наук. Серия математическая

Chi tiết về thư mục
Parent link:Известия Российской академии наук. Серия математическая: научный журнал/ Российская академия наук (РАН). Т. 78, № 5.— , 1992-
Ngôn ngữ:Tiếng Nga
Được phát hành: 2014
Định dạng: Sách
KOHA link:https://koha.lib.tpu.ru/cgi-bin/koha/opac-detail.pl?biblionumber=539690

MARC

LEADER 00000nam2a2200000 4500
001 539690
005 20231101114426.0
035 |a (RuTPU)RU\TPU\prd\229477 
090 |a 539690 
100 |a 20150113a19379999k y0rusy50 ca 
101 0 |a rus 
102 |a RU 
200 0 |a Т. 78, № 5 
210 |d 2014 
461 1 |0 (RuTPU)RU\TPU\prd\2018  |t Известия Российской академии наук. Серия математическая  |o научный журнал  |f Российская академия наук (РАН)  |v Т. 78, № 5  |d 1992- 
801 0 |a RU  |b 63413507  |c 20010227  |g PSBO 
801 1 |a RU  |b 63413507  |c 20150113 
801 2 |a RU  |b 63413507  |c 20201029  |g RCR 
942 |c BK 
999 |a НТБ_ТПУ  |b НФ  |e -1/20150112  |p П-701  |s 3/20140704  |u 0,00  |v 1